000 00303nam a22001217a 4500
008 180118b xxu||||| |||| 00| 0 eng d
041 _aeng
080 _a339.138 TAY
100 _a60
101 _aMAR
245 _aThe consumer in american society: additional dimensions
_cTaylor,J.L
942 _2udc
_cBK
999 _c40481
_d40481